Wszyscy kandydaci na moderatora na serwerze JetPunk Polska - Statystyki

Ogólne statystyki
  • Ten quiz został rozwiązany 12 razy
    5 od ostatniego zresetowania
  • Średni wynik to 8 z 9
Statystyki odpowiedzi
Liczba
głosów
Wybory Odpowiedź % Poprawnych
96 09.2025 Burakcukrowy657
100%
100 09.2025 ChomikowaDama
100%
85 09.2025 Fodosław
100%
40 12.2024 Pandryf
100%
43 09.2025 Polaqq
100%
34 12.2024 Ant512
75%
68 09.2025 Jakiś typ
75%
70 09.2025 Mirek z parteru
75%
34 12.2024 luucksson
25%
Nie znaleziono quizów pasujących do podanych kryteriów
Rozkład punktacji
Procent ludzi z każdym wynikiem
Percentyl według liczby udzielonych odpowiedzi
Twoja historia wyników
Nie rozwiązałeś tego quizu od ostatniego zresetowania